MARC

LEADER 00000nas a2200000 a 4500
001 ssj0011616
003 WaSeSS
005 20200512172242.0
006 m d
007 cr n
008 950120c19689999mdutr pss 0 a0eng c
010 |a sn 95007063  
022 |a 1080-6504  |l 0004-0975  |y 0004-0975 
035 |a (WaSeSS)ssj0011616 
037 |a 22573/ctt1mrr992  |b JSTOR 
040 |a NSD  |b eng  |c NSD  |d OCL  |d GUA  |d WAU  |d IUL  |d OCL  |d IUL  |d OCL  |d GUA  |d NSD  |d OCLCQ  |d MUQ  |d IUL  |d OCLCQ  |d OCLCO  |d OCLCQ  |d OCLCF  |d OCLCO  |d EUW  |d OCLCO  |d OCLCQ  |d TEF  |d VT2  |d WaSeSS 
042 |a pcc  |a nsdp 
050 1 4 |a PA1 
082 1 0 |a 880  |2 13 
130 0 |a Arethusa (Online) 
210 0 |a Arethusa  |b (Online) 
222 0 |a Arethusa  |b (Online) 
245 1 0 |a Arethusa  |h [electronic resource]. 
260 |a Baltimore, MD :  |b Johns Hopkins University Press 
310 |a Three no. a year 
362 1 |a Print began fall 1968. 
506 |a License restrictions may limit access. 
538 |a Mode of access: World Wide Web. 
588 |a Description based on: 29.1 (winter 1996); title from title screen. 
588 |a Latest issue consulted: 29.3 (fall 1996). 
650 0 |a Classical philology  |v Periodicals. 
650 0 |a Civilization, Classical  |v Periodicals. 
650 6 |a Philologie ancienne  |v Périodiques. 
650 6 |a Civilisation ancienne  |v Périodiques. 
650 7 |a Civilization, Classical.  |2 fast  |0 (OCoLC)fst00862996 
650 7 |a Classical philology.  |2 fast  |0 (OCoLC)fst00863532 
655 0 |a Electronic journals. 
776 1 |t Arethusa  |x 0004-0975  |w (DLC)sf 79010240  |w (OCoLC)1513998 
856 4 0 |z Full text available from Research Library: 01/01/2003 to 1 year ago  |u https://search.proquest.com/publication/35637